000 00954nam a2200265Ia 4500
003 OSt
005 20221005110400.0
006 a|||||r|||| 00| 0
007 ta
008 221004b |||||||| |||| 00| 0 hin d
020 _a8170163765 (hbk)
_c70
024 _a99296
037 _b351, 02/03/2010, Swaraj Prakashan
_cTextual
040 _aCRL
_cCRL
_bhin
041 _2hin
_ahin
082 _aO111,3N15x1, 152N2;P9
100 _aखुशवंत सिंह
245 0 _aदस प्रतिनिधि कहानियॉं
246 _aDas pratinidhi kahāniyaॉan
250 _aचतुर्थ संस्करण
260 _aनई दिल्ली
_bकिताबघर प्रकाशन भारत
_c2009
300 _a87पृ0
_ccm.
942 _hO111,3N15x1, 152N2;P9
_cTEXL
_2cc
999 _c1018657
_d1018657